00510pam a2200157 a 4500020002000000041000500020082001700025100001700042245005600059260003900115300001900154930000900173999001900182650001000201952014100211 a9789350252802c h a617.3b10972 aSARMIENTO A. aORTHOPEADICS; SEEKING A BALANCE hTextual Documents bJAYPEE BROTHERS MEDICAL PUB.c2012 a420:bXV;cHB. a5824 c800351d800351 aORTHO 001040708Text BooksaMCSbMCSd2014-04-03eB.M.S.G.B.PUNEg1650.00l0o617.3 10972pMCS-10972r2023-07-26 00:00:00t1w2023-07-26yBK